000
00255nam a2200109Ia 4500
008
231212s1997 xx 000 0 und d
041
_a
eng
082
_a
660.283
100
_a
Johnson C.D.
245
_a
Process Control
260
_a
New York
_b
John We
_c
1997
999
_c
958935
_d
958935